[Event "III Open Magistrale"]
[Site "Castellaneta ITA"]
[Date "1999.08.29"]
[Round "2"]
[White "Di Gianni, Rocco"]
[Black "Chiaretti, Roberto"]
[Result "1-0"]
[WhiteElo "2120"]
[BlackElo "2185"]
[PlyCount "160"]
[EventDate "1999.08.29"]

1.e4 e5 2.Nf3 Nc6 3.Nc3 Nf6 4.g3 Bc5 5.Bg2 d6 6.h3 h6 7.d3 Be6 8.O-O Qd7 
9.Kh2 O-O-O 10.Na4 g5 11.Nxc5 dxc5 12.b3 g4 13.hxg4 Nxg4+ 14.Kg1 Rdg8 15.
a4 a5 16.Ba3 b6 17.Bb2 h5 18.Nh4 f6 19.Qd2 Ne7 20.f3 Nh6 21.Kf2 Nc6 22.
Rae1 Qg7 23.Rh1 Qxg3+ 24.Kf1 Kb8 25.Qf2 Nf7 26.Bc3 Bc8 27.Qxg3 Rxg3 28.Kf2
Rhg8 29.Rh2 Nd6 30.Reh1 Bd7 31.Bf1 Nd4 32.Bxd4 cxd4 33.Be2 Be8 34.Ng2 f5 
35.exf5 Nxf5 36.Bd1 Kc8 37.Re1 R3g5 38.Rxe5 Ne3 39.Rxg5 Nxd1+ 40.Ke1 Rxg5 
41.Kxd1 Bc6 42.Ke2 Kd7 43.Kf2 Ke7 44.Rh4 Rf5 45.Ne1 Rd5 46.Kg3 Kd6 47.Ng2 
Be8 48.Kf2 c5 49.Rf4 Re5 50.Nh4 Ke6 51.Ng2 b5 52.axb5 Bxb5 53.Ne1 Rf5 54.
Re4+ Kd6 55.Rh4 Bc6 56.Kg3 Bd5 57.Kf2 Kc6 58.Rh2 Kb5 59.Ke2 Re5+ 60.Kd2 
Kc6 61.Rh3 Kd6 62.Ng2 Ke7 63.Nf4 Bf7 64.Ne2 Kf6 65.Ng3 Kg5 66.Ne4+ Kf4 67.
Ke2 Kf5 68.Rg3 Bd5 69.Rg5+ Ke6 70.Rg6+ Kd7 71.Ra6 Bxe4 72.dxe4 Rg5 73.Rxa5
h4 74.Ra7+ Kd6 75.Rh7 Rg2+ 76.Kd3 Rh2 77.f4 Rh3+ 78.Ke2 Re3+ 79.Kd2 Rxe4 
80.Rxh4 c4 1-0

[Event "III Open Magistrale"]
[Site "Castellaneta ITA"]
[Date "1999.08.29"]
[Round "2"]
[White "Foisor, Cristina-Adela"]
[Black "Piscopo, Pierluigi"]
[Result "1-0"]
[WhiteElo "2371"]
[BlackElo "2039"]
[PlyCount "79"]
[EventDate "1999.08.29"]

1.c4 g6 2.g3 e5 3.Bg2 Bg7 4.Nc3 Nc6 5.Rb1 a5 6.d3 Nf6 7.Nf3 O-O 8.O-O d6 
9.a3 h6 10.b4 axb4 11.axb4 Be6 12.Nd2 Rb8 13.Nd5 Ne7 14.e4 Nh5 15.Bb2 c6 
16.Nxe7+ Qxe7 17.Ra1 Qd7 18.Qe2 f5 19.exf5 Bxf5 20.Ne4 Rbd8 21.Ra7 Rf7 22.
Rfa1 Rdf8 23.Ra8 Bg4 24.Qe3 Kh7 25.Rxf8 Rxf8 26.Ra7 Nf6 27.Nxf6+ Rxf6 28.
Qb6 Rf7 29.Bxc6 Qf5 30.Be4 Qh5 31.Ra1 Bh3 32.Qe3 Bf6 33.Bc3 Bg5 34.Qe1 Bf5
35.b5 Bg4 36.Bb4 Be2 37.Ra2 Bf3 38.Bxd6 Rf4 39.Bxf3 Rxf3 40.Qe2 1-0

[Event "III Open Magistrale"]
[Site "Castellaneta ITA"]
[Date "1999.08.29"]
[Round "2"]
[White "Isonzo, David"]
[Black "Ferraro, Francesco"]
[Result "1-0"]
[WhiteElo "2257"]
[BlackElo "2045"]
[PlyCount "63"]
[EventDate "1999.08.29"]

1.e4 e5 2.Nf3 Nf6 3.Bc4 Nxe4 4.Nc3 Nd6 5.Bb3 Nc6 6.O-O Be7 7.d4 Nxd4 8.
Nxd4 exd4 9.Nd5 O-O 10.Qxd4 Nb5 11.Qd3 c6 12.c4 Nc7 13.Nxe7+ Qxe7 14.Bf4 
Qd8 15.Bc2 f5 16.Bd6 Rf7 17.Rfe1 Ne6 18.Re5 g6 19.Qg3 Rg7 20.Rd1 b6 21.c5 
bxc5 22.Bb3 Kh8 23.Ree1 Kg8 24.Be5 Rf7 25.Bxe6 Qe8 26.Bxf7+ Qxf7 27.Bd6 
Ba6 28.Re7 Qf6 29.Rde1 Bc4 30.Re8+ Rxe8 31.Rxe8+ Kf7 32.Rf8+ 1-0

[Event "III Open Magistrale"]
[Site "Castellaneta ITA"]
[Date "1999.08.29"]
[Round "2"]
[White "Lagumina, Giulio"]
[Black "Mazzilli, Piero"]
[Result "1/2-1/2"]
[WhiteElo "2281"]
[BlackElo "2131"]
[PlyCount "44"]
[EventDate "1999.08.29"]

1.d4 Nf6 2.c4 e6 3.Nc3 d5 4.cxd5 exd5 5.Bg5 Be7 6.e3 c6 7.Bd3 Nbd7 8.Nge2 
O-O 9.Qc2 Re8 10.O-O h6 11.Bf4 Nh5 12.Nxd5 Bf8 13.Bc7 Qg5 14.Ndf4 Ndf6 15.
Nxh5 Qxh5 16.Ng3 Qg5 17.Nf5 Nd5 18.Ba5 Bb4 19.Bxb4 Nxb4 20.Qd2 Nxd3 21.Ng3
Nxf2 22.Kxf2 Bf5 1/2-1/2

[Event "III Open Magistrale"]
[Site "Castellaneta ITA"]
[Date "1999.08.29"]
[Round "2"]
[White "Miezis, Normunds"]
[Black "Martorelli, Antonio"]
[Result "1-0"]
[WhiteElo "2524"]
[BlackElo "2322"]
[PlyCount "56"]
[EventDate "1999.08.29"]

1.c4 Nf6 2.Nc3 g6 3.g3 Bg7 4.Bg2 O-O 5.e4 d6 6.Nge2 c5 7.O-O Nc6 8.a3 Ne8 
9.Rb1 Nc7 10.b4 b6 11.d3 Bg4 12.f3 Bd7 13.Be3 Nd4 14.Qd2 e5 15.f4 Rb8 16.
b5 f5 17.fxe5 dxe5 18.Bg5 Qe8 19.exf5 Nxf5 20.Qa2 Ne6 21.Bd2 Ned4 22.Rbe1 
Be6 23.Nxd4 cxd4 24.Nd5 Kh8 25.a4 Bxd5 26.Bxd5 Qe7 27.Qb1 Rfd8 28.Rf3 Qf6 
1-0

[Event "III Open Magistrale"]
[Site "Castellaneta ITA"]
[Date "1999.08.29"]
[Round "2"]
[White "Mrdja, Milan"]
[Black "Sermek, Drazen"]
[Result "1/2-1/2"]
[WhiteElo "2425"]
[BlackElo "2545"]
[PlyCount "42"]
[EventDate "1999.08.29"]

1.e4 c5 2.Nf3 e6 3.d4 cxd4 4.Nxd4 Nf6 5.Nc3 Nc6 6.Nxc6 bxc6 7.e5 Nd5 8.Ne4
Qa5+ 9.c3 Ba6 10.Bxa6 Qxa6 11.Qe2 Qxe2+ 12.Kxe2 f5 13.Ng5 h6 14.Nf3 g5 15.
c4 Ne7 16.Ne1 Ng6 17.Nd3 O-O-O 18.Be3 Kb7 19.g3 d6 20.exd6 Bxd6 21.Rad1 e5
1/2-1/2

[Event "III Open Magistrale"]
[Site "Castellaneta ITA"]
[Date "1999.08.29"]
[Round "2"]
[White "Ortega, Lexy"]
[Black "Indelicati, Giuseppe"]
[Result "1-0"]
[WhiteElo "2499"]
[BlackElo "2239"]
[PlyCount "53"]
[EventDate "1999.08.29"]

1.d4 Nf6 2.Nf3 g6 3.c4 Bg7 4.g3 d6 5.Bg2 O-O 6.O-O Nbd7 7.Nc3 e5 8.e4 c6 
9.b3 exd4 10.Nxd4 Nc5 11.h3 Re8 12.Re1 a5 13.Rb1 Nfd7 14.Be3 h5 15.Qc2 Ne5
16.Rbd1 Qc7 17.f4 Ned7 18.Bf3 Nf6 19.Qg2 Bd7 20.g4 hxg4 21.hxg4 Re7 22.g5 
Nfxe4 23.Bxe4 Rae8 24.Bf2 Bf5 25.Ndb5 cxb5 26.Nd5 Qc8 27.Bxf5 1-0

[Event "III Open Magistrale"]
[Site "Castellaneta ITA"]
[Date "1999.08.29"]
[Round "2"]
[White "Sabia, Corrado"]
[Black "Castrogiovanni, Carlo"]
[Result "1/2-1/2"]
[WhiteElo "2198"]
[BlackElo "2113"]
[PlyCount "36"]
[EventDate "1999.08.29"]

1.e4 c5 2.Nf3 Nc6 3.d4 cxd4 4.Nxd4 Nf6 5.Nc3 e5 6.Ndb5 d6 7.Bg5 a6 8.Na3 
b5 9.Nd5 Be7 10.Bxf6 Bxf6 11.c3 Bg5 12.Nc2 Rb8 13.g3 Be6 14.h4 Bh6 15.Bh3 
Bxd5 16.Qxd5 Ne7 17.Qb3 O-O 18.Rd1 a5 1/2-1/2

[Event "III Open Magistrale"]
[Site "Castellaneta ITA"]
[Date "1999.08.29"]
[Round "2"]
[White "Safranska, Anda"]
[Black "Rausis, Igors"]
[Result "0-1"]
[WhiteElo "2267"]
[BlackElo "2496"]
[PlyCount "102"]
[EventDate "1999.08.29"]

1.e4 c6 2.d3 d5 3.Nd2 g6 4.g3 Bg7 5.Bg2 e5 6.Ngf3 Ne7 7.O-O O-O 8.b3 Qc7 
9.Bb2 h6 10.Qe2 d4 11.Ne1 c5 12.f4 Nbc6 13.a4 exf4 14.gxf4 f5 15.Nc4 fxe4 
16.dxe4 Rxf4 17.Rxf4 Qxf4 18.Nd3 Qg5 19.Bc1 Qg4 20.Qxg4 Bxg4 21.Bf4 b6 22.
Re1 Be6 23.Bd6 Re8 24.Na3 Rc8 25.Nf4 Bf7 26.Nd3 g5 27.a5 Bf8 28.axb6 axb6 
29.Nb5 c4 30.bxc4 Bxc4 31.Rb1 Ng6 32.Bh3 Ra8 33.Bxf8 Kxf8 34.Nc7 Ra2 35.
Ne1 Nf4 36.Bf1 Ne5 37.Rxb6 Ra1 38.Bxc4 Rxe1+ 39.Kf2 Rh1 40.Rb8+ Ke7 41.
Nd5+ Nxd5 42.Kg2 Nxc4 43.Kxh1 Nde3 44.Rc8 Nd6 45.Rc5 Ke6 46.Kg1 Nxe4 47.
Rc6+ Nd6 48.Kf2 Nd5 49.Rc7 h5 50.Ke2 g4 51.Ra7 Ne4 0-1

[Event "III Open Magistrale"]
[Site "Castellaneta ITA"]
[Date "1999.08.29"]
[Round "2"]
[White "Sansonetti, Giorgio"]
[Black "Calabro', Marco"]
[Result "1-0"]
[WhiteElo "2194"]
[BlackElo "1903"]
[PlyCount "151"]
[EventDate "1999.08.29"]

1.d4 d5 2.Nf3 Nf6 3.Bg5 e6 4.e3 c5 5.c3 Nc6 6.Nbd2 Be7 7.Bd3 Qb6 8.Qc2 h6 
9.Bh4 Bd7 10.Ne5 cxd4 11.exd4 Rc8 12.Qb3 Qxb3 13.axb3 a6 14.Bxf6 gxf6 15.
Nxd7 Kxd7 16.f4 Rcg8 17.g3 h5 18.Nf3 f5 19.Kf2 h4 20.b4 hxg3+ 21.hxg3 Kc7 
22.b5 axb5 23.Bxb5 Bf6 24.Rxh8 Rxh8 25.Kg2 Kb6 26.Bxc6 bxc6 27.b4 Rb8 28.
Nd2 Rb7 29.Nb3 Be7 30.Ra8 Ra7 31.Rxa7 Kxa7 32.Kf3 Kb6 33.Ke3 Kb5 34.Kd3 
Bd6 35.Nd2 f6 36.Nf3 Ka4 37.Kc2 Ka3 38.Nh4 Bc7 39.Ng6 Bd6 40.Nh8 e5 41.Nf7
exf4 42.gxf4 Bxf4 43.Nd8 Bg3 44.Nxc6 f4 45.Ne7 f3 46.Nxd5 f2 47.Ne3 Bf4 
48.Nf1 Ka4 49.Kd3 f5 50.Kc4 Ka3 51.Kd3 Kb3 52.b5 Kb2 53.c4 Kb3 54.b6 Kb4 
55.c5 Kb5 56.Ke2 Kc6 57.Kxf2 Bc1 58.Ne3 f4 59.Nf5 Bb2 60.Kf3 Bc1 61.Ne7+ 
Kb7 62.Ke4 Be3 63.Nf5 Bc1 64.d5 Ba3 65.Kd4 f3 66.Nd6+ Kb8 67.Ne4 Kb7 68.
Kc4 Bc1 69.Kb5 Be3 70.c6+ Kc8 71.d6 f2 72.Ng3 Bf4 73.d7+ Kd8 74.Nf1 Be5 
75.Ka6 Bd4 76.Kb7 1-0

[Event "III Open Magistrale"]
[Site "Castellaneta ITA"]
[Date "1999.08.29"]
[Round "2"]
[White "Scalcione, Michelangelo"]
[Black "Ceglio, Fulvio"]
[Result "1-0"]
[WhiteElo "2177"]
[BlackElo "2060"]
[PlyCount "71"]
[EventDate "1999.08.29"]

1.Nf3 e6 2.c4 Nf6 3.Nc3 b6 4.g3 Bb7 5.Bg2 Be7 6.O-O O-O 7.d4 d5 8.cxd5 
exd5 9.Bg5 h6 10.Bxf6 Bxf6 11.b4 c5 12.bxc5 bxc5 13.Qb3 Qb6 14.Nxd5 Qxb3 
15.Nxf6+ gxf6 16.axb3 cxd4 17.Nxd4 Bxg2 18.Kxg2 Nd7 19.Ra5 Kh7 20.Rfa1 
Rfd8 21.Rxa7 Rxa7 22.Rxa7 Nc5 23.e3 Rb8 24.Rxf7+ Kg6 25.Rc7 Nxb3 26.Ne6 h5
27.Nf4+ Kh6 28.Rf7 Rb6 29.Rf8 Kg7 30.Rd8 Rb5 31.Rd7+ Kh6 32.h4 Re5 33.Rf7 
Rf5 34.Ne6 Kg6 35.Rb7 Re5 36.Nf4+ 1-0

[Event "III Open Magistrale"]
[Site "Castellaneta ITA"]
[Date "1999.08.29"]
[Round "2"]
[White "Sibilio, Mario"]
[Black "Chatalbashev, Boris"]
[Result "1-0"]
[WhiteElo "2336"]
[BlackElo "2524"]
[PlyCount "63"]
[EventDate "1999.08.29"]

1.d4 g6 2.e4 Bg7 3.Nf3 c5 4.dxc5 Qa5+ 5.Nc3 Bxc3+ 6.bxc3 Qxc3+ 7.Bd2 Qxc5 
8.Rb1 Nf6 9.Bd3 d6 10.O-O Nbd7 11.Bh6 Qh5 12.Bg7 Rg8 13.Bxf6 Nxf6 14.Rb5 
g5 15.e5 dxe5 16.Rxe5 Be6 17.Qd2 Qg4 18.Rb1 Qf4 19.Rxb7 Kf8 20.Qe1 a5 21.
Rf5 Qd6 22.Rxa5 Rxa5 23.Qxa5 g4 24.Rb6 Qc7 25.Nd4 Bd5 26.Qb4 Nd7 27.Rb5 
Rg5 28.a4 Ne5 29.Nf5 Bc6 30.Qd2 Rh5 31.Ng3 Bxb5 32.Nxh5 1-0

[Event "III Open Magistrale"]
[Site "Castellaneta ITA"]
[Date "1999.08.29"]
[Round "2"]
[White "Tomescu, Vlad"]
[Black "Pizzuto, Samuele Tullio"]
[Result "1-0"]
[WhiteElo "2453"]
[BlackElo "2133"]
[PlyCount "81"]
[EventDate "1999.08.29"]

1.e4 Nc6 2.Nf3 Nf6 3.e5 Ng8 4.d4 d6 5.Nc3 g6 6.exd6 cxd6 7.d5 Ne5 8.Nd4 
Bg7 9.Bb5+ Bd7 10.f4 Ng4 11.Bxd7+ Qxd7 12.h3 N4h6 13.g4 e5 14.dxe6 fxe6 
15.Be3 Ne7 16.Qd2 Nf7 17.O-O-O O-O 18.Rhf1 Nc6 19.f5 Nxd4 20.Bxd4 Ne5 21.
Qe2 Qe7 22.fxe6 Qxe6 23.Rxf8+ Rxf8 24.Bxa7 Rf3 25.Qg2 Qc4 26.Bd4 Qc6 27.
Bxe5 Bxe5 28.Rd3 Rf4 29.Qxc6 bxc6 30.b3 Kf7 31.a4 Ke6 32.Ne2 Re4 33.Kd2 c5
34.c4 Bd4 35.Rf3 Bg7 36.Kd3 Re5 37.Nf4+ Kd7 38.Nd5 Bh6 39.Rf7+ Ke8 40.Rxh7
Bc1 41.a5 1-0

[Event "III Open Magistrale"]
[Site "Castellaneta ITA"]
[Date "1999.08.29"]
[Round "2"]
[White "Viaggi, Giovanni"]
[Black "Bottino, Alexiei"]
[Result "1/2-1/2"]
[WhiteElo "2145"]
[BlackElo "2207"]
[PlyCount "35"]
[EventDate "1999.08.29"]

1.e4 e6 2.d4 d5 3.e5 c5 4.c3 Nc6 5.Nf3 Qb6 6.a3 c4 7.Nbd2 Na5 8.Be2 Bd7 9.
O-O Ne7 10.Rb1 Qc6 11.b4 cxb3 12.Nxb3 Nc4 13.Nc5 Nc8 14.Nxd7 Qxd7 15.Bxc4 
dxc4 16.Nd2 Nb6 17.Qe2 Rc8 18.Ne4 1/2-1/2

[Event "III Open Magistrale"]
[Site "Castellaneta ITA"]
[Date "1999.08.30"]
[Round "3"]
[White "Ausmins, Elmar"]
[Black "Di Gianni, Rocco"]
[Result "1-0"]
[WhiteElo "2261"]
[BlackElo "2120"]
[PlyCount "29"]
[EventDate "1999.08.29"]

1.d4 e6 2.c4 f5 3.Nf3 Nf6 4.Nc3 b6 5.g3 Bb7 6.Bg2 g6 7.O-O Bg7 8.d5 Na6 9.
Bf4 Nc5 10.Nb5 d6 11.b4 Nce4 12.Nfd4 exd5 13.f3 Qe7 14.fxe4 Nxe4 15.Ne6 
1-0

[Event "III Open Magistrale"]
[Site "Castellaneta ITA"]
[Date "1999.08.30"]
[Round "3"]
[White "Calabro', Marco"]
[Black "Coratella, Giuseppe"]
[Result "1-0"]
[WhiteElo "1903"]
[BlackElo "2098"]
[PlyCount "35"]
[EventDate "1999.08.29"]

1.e4 e6 2.d4 d5 3.e5 c5 4.c3 Qb6 5.Nf3 Nc6 6.a3 Bd7 7.b4 cxd4 8.cxd4 Rc8 
9.Nc3 Nxd4 10.Nxd4 Rxc3 11.Bb2 Rc8 12.Bd3 Ne7 13.O-O Nc6 14.Nf3 Be7 15.h4 
Na5 16.Bd4 Qc7 17.bxa5 Qxa5 18.a4 1-0

[Event "III Open Magistrale"]
[Site "Castellaneta ITA"]
[Date "1999.08.30"]
[Round "3"]
[White "Castrogiovanni, Carlo"]
[Black "Bottino, Alexiei"]
[Result "1/2-1/2"]
[WhiteElo "2113"]
[BlackElo "2207"]
[PlyCount "47"]
[EventDate "1999.08.29"]

1.Nf3 Nf6 2.c4 e6 3.g3 d5 4.Bg2 Bd6 5.O-O O-O 6.b3 Qe7 7.d4 c6 8.Bb2 Nbd7 
9.Nc3 Re8 10.Re1 dxc4 11.bxc4 e5 12.d5 e4 13.dxc6 Nb6 14.Ng5 e3 15.f4 Nxc4
16.Qc2 Nxb2 17.Nd5 Qd8 18.c7 Qd7 19.Nxf6+ gxf6 20.Qxh7+ Kf8 21.Qh6+ Ke7 
22.Ne4 Qe6 23.f5 Qe5 24.Rec1 1/2-1/2

[Event "III Open Magistrale"]
[Site "Castellaneta ITA"]
[Date "1999.08.30"]
[Round "3"]
[White "Ceglio, Fulvio"]
[Black "Campanile, Roberto"]
[Result "0-1"]
[WhiteElo "2060"]
[BlackElo "2156"]
[PlyCount "71"]
[EventDate "1999.08.29"]

1.d4 Nf6 2.Nf3 g6 3.Bg5 Bg7 4.Nbd2 O-O 5.e3 d6 6.Bd3 Nbd7 7.O-O h6 8.Bh4 
Qe8 9.c3 e5 10.dxe5 dxe5 11.Bxf6 Nxf6 12.e4 Qe7 13.Qc2 Nh5 14.Rfe1 Nf4 15.
Bf1 Kh7 16.g3 Nh3+ 17.Kg2 h5 18.Nc4 Bf6 19.Ne3 c6 20.c4 Kg7 21.c5 h4 22.b4
Rh8 23.Qc3 hxg3 24.fxg3 Rh5 25.Nc4 Bg4 26.Ncd2 Rah8 27.Bc4 Ng5 28.Rh1 Bh3+
29.Kf2 Rd8 30.Be2 Rdh8 31.Nxg5 Bxg5 32.Nf3 Qf6 33.Qxe5 Qxe5 34.Nxe5 Bf6 
35.Nxc6 bxc6 36.Rae1 0-1

[Event "III Open Magistrale"]
[Site "Castellaneta ITA"]
[Date "1999.08.30"]
[Round "3"]
[White "Chatalbashev, Boris"]
[Black "Scalcione, Michelangelo"]
[Result "1-0"]
[WhiteElo "2524"]
[BlackElo "2177"]
[PlyCount "96"]
[EventDate "1999.08.29"]

1.d4 Nf6 2.Nf3 g6 3.Nc3 Bg7 4.e4 d6 5.h3 O-O 6.Be3 c6 7.a4 Nbd7 8.a5 e5 9.
dxe5 dxe5 10.Bc4 Qe7 11.O-O Nc5 12.Nd2 Rd8 13.Qb1 Be6 14.Qa2 Bxc4 15.Qxc4 
Ne6 16.Nf3 Nh5 17.Rfd1 a6 18.Bb6 Rxd1+ 19.Rxd1 Nhf4 20.Kh2 g5 21.g3 Ng6 
22.Ne2 h5 23.Ne1 g4 24.h4 Nxh4 25.gxh4 Qxh4+ 26.Kg1 Ng5 27.Rd7 Rf8 28.Qd3 
Nh3+ 29.Kf1 Nf4 30.Nxf4 exf4 31.Ke2 f3+ 32.Kd1 Qg5 33.c3 h4 34.Kc2 h3 35.
Bc7 Bh6 36.Kb3 Qc1 37.Qd1 Qg5 38.Nd3 Qb5+ 39.Ka2 Qc4+ 40.Qb3 Qxe4 41.Rd4 
Qf5 42.Qc4 Bg7 43.Rxg4 Re8 44.Qd4 f6 45.Nc5 Re2 46.Qc4+ Kh8 47.Rh4+ Bh6 
48.Rxh6+ Kg7 1-0

[Event "III Open Magistrale"]
[Site "Castellaneta ITA"]
[Date "1999.08.30"]
[Round "3"]
[White "De Santis, Alessio"]
[Black "Sansonetti, Giorgio"]
[Result "1-0"]
[WhiteElo "2352"]
[BlackElo "2194"]
[PlyCount "53"]
[EventDate "1999.08.29"]

1.d4 d5 2.c4 c6 3.Nc3 Nf6 4.Bg5 Nbd7 5.e3 a6 6.f4 Qa5 7.Bd3 c5 8.Qf3 dxc4 
9.Bc2 cxd4 10.exd4 Rb8 11.Ne2 b5 12.O-O Bb7 13.Ne4 Qb6 14.Rae1 Nxe4 15.
Bxe4 Bxe4 16.Qxe4 Qb7 17.Qe3 f6 18.Bh4 Kf7 19.f5 g5 20.Bg3 Rd8 21.Qe6+ Kg7
22.h4 h6 23.Rf3 Nb6 24.Nf4 gxf4 25.Rxf4 Qd5 26.Rg4+ Kh7 27.Qxe7+ 1-0

[Event "III Open Magistrale"]
[Site "Castellaneta ITA"]
[Date "1999.08.30"]
[Round "3"]
[White "De Vita, Igor"]
[Black "Genocchio, Daniele"]
[Result "0-1"]
[WhiteElo "2154"]
[BlackElo "2291"]
[PlyCount "72"]
[EventDate "1999.08.29"]

1.Nf3 g6 2.d4 c5 3.e3 Nf6 4.Be2 b6 5.O-O Bg7 6.c4 O-O 7.Nc3 d6 8.Re1 Bb7 
9.Bf1 e6 10.b3 Qe7 11.Bb2 Rd8 12.e4 cxd4 13.Nxd4 a6 14.f3 Qc7 15.Rc1 Nbd7 
16.Qd2 Ne5 17.Rc2 Rac8 18.Nd1 Nh5 19.Nf2 Qb8 20.g4 Nf6 21.g5 Nh5 22.f4 h6 
23.Qe3 Nd7 24.Ng4 hxg5 25.fxg5 e5 26.Ne2 Rf8 27.Bh3 Nc5 28.Nf6+ Nxf6 29.
gxf6 Bxf6 30.Bxc8 Qxc8 31.Ng3 Bh4 32.Rd2 Qg4 33.Qe2 Qg5 34.Qe3 Nxe4 35.
Qxg5 Nxg5 36.Kf2 Rd8 0-1

[Event "III Open Magistrale"]
[Site "Castellaneta ITA"]
[Date "1999.08.30"]
[Round "3"]
[White "Efimov, Igor"]
[Black "Miezis, Normunds"]
[Result "1-0"]
[WhiteElo "2445"]
[BlackElo "2524"]
[PlyCount "91"]
[EventDate "1999.08.29"]

1.d4 Nf6 2.Bg5 Ne4 3.Bf4 c5 4.f3 Qa5+ 5.c3 Nf6 6.Nd2 cxd4 7.Nb3 Qf5 8.Bxb8
Rxb8 9.Qxd4 b6 10.e4 Qf4 11.Nh3 Qc7 12.e5 Ng8 13.O-O-O e6 14.Ng5 Ne7 15.f4
Bb7 16.Bb5 Bd5 17.Kb1 a6 18.Bd3 h6 19.Ne4 Nc6 20.Qf2 Na5 21.Nd4 b5 22.Qg3 
b4 23.Nd6+ Bxd6 24.exd6 Qxd6 25.c4 Bxc4 26.Qxg7 Bxd3+ 27.Rxd3 Rf8 28.Qxh6 
Qd5 29.Rhd1 Nc4 30.Nc2 Qf5 31.g4 Qxg4 32.Rxd7 Qg6 33.Qh4 f6 34.f5 Na3+ 35.
Nxa3 Qxf5+ 36.Nc2 Rc8 37.R7d2 a5 38.Qd4 e5 39.Qb6 Kf7 40.Qb7+ Kg6 41.Rg2+ 
Kh6 42.Qd7 Qxd7 43.Rxd7 Rh8 44.Rdg7 Rcd8 45.Ne3 Rd3 46.Nf5+ 1-0

[Event "III Open Magistrale"]
[Site "Castellaneta ITA"]
[Date "1999.08.30"]
[Round "3"]
[White "Ferraro, Francesco"]
[Black "Sabia, Corrado"]
[Result "1/2-1/2"]
[WhiteElo "2045"]
[BlackElo "2198"]
[PlyCount "69"]
[EventDate "1999.08.29"]

1.d4 d5 2.Bf4 c5 3.e3 Nf6 4.c3 Qb6 5.Qc1 Bf5 6.Nf3 Nc6 7.Nbd2 e6 8.Be2 Be7
9.Nh4 Bg4 10.Bxg4 Nxg4 11.Bg3 Nf6 12.Nhf3 Rc8 13.Qb1 Qb5 14.a4 Qb6 15.O-O 
O-O 16.Re1 Rfd8 17.Bh4 cxd4 18.exd4 Re8 19.Qd3 Na5 20.Qb5 Nc6 21.Nb3 Ne4 
22.Bxe7 Rxe7 23.Nfd2 Nxd2 24.Nxd2 Qc7 25.Re3 Na5 26.Qe2 Nc4 27.Nxc4 Qxc4 
28.a5 Qxe2 29.Rxe2 Rc6 30.Kf1 Rec7 31.Ke1 Kf8 32.f4 f6 33.g4 Ra6 34.Ra3 
Rc4 35.Kd2 1/2-1/2

[Event "III Open Magistrale"]
[Site "Castellaneta ITA"]
[Date "1999.08.30"]
[Round "3"]
[White "Ficco, Corrado"]
[Black "Cioara, Andrei Nestor"]
[Result "0-1"]
[WhiteElo "2169"]
[BlackElo "2423"]
[PlyCount "52"]
[EventDate "1999.08.29"]

1.e4 c6 2.d4 d5 3.e5 Bf5 4.Nf3 e6 5.Be2 Nd7 6.O-O Ne7 7.Nh4 Bg6 8.Nxg6 
hxg6 9.c4 dxc4 10.Bxc4 Nf5 11.Be3 Nb6 12.Bd3 Qh4 13.h3 O-O-O 14.Bxf5 gxf5 
15.Nd2 Be7 16.Nf3 Qh5 17.a4 Nd5 18.Qc1 g5 19.Nh2 g4 20.a5 a6 21.b4 Kb8 22.
Ra2 Rdg8 23.Bf4 Nxf4 24.Qxf4 Bg5 25.hxg4 Qh6 26.Qg3 Bf4 0-1

[Event "III Open Magistrale"]
[Site "Castellaneta ITA"]
[Date "1999.08.30"]
[Round "3"]
[White "Foisor, Ovidiu-Doru"]
[Black "Glek, Igor V."]
[Result "1/2-1/2"]
[WhiteElo "2472"]
[BlackElo "2536"]
[PlyCount "95"]
[EventDate "1999.08.29"]

1.Nf3 Nf6 2.g3 g6 3.b3 Bg7 4.Bb2 b5 5.Bg2 Bb7 6.c4 bxc4 7.bxc4 c5 8.O-O 
O-O 9.d3 d6 10.Nc3 Bc6 11.Qc2 Nbd7 12.Rab1 Rb8 13.Ba1 a6 14.Rxb8 Qxb8 15.
Nd2 Bxg2 16.Kxg2 Qa8+ 17.Kg1 h5 18.h4 Rb8 19.Rb1 Nf8 20.Rxb8 Qxb8 21.Qb3 
Qc8 22.Qb1 Ne6 23.Nf3 Nd4 24.Nxd4 cxd4 25.Nd1 Nd7 26.Bb2 Qc5 27.Bc1 Qa5 
28.Kf1 Nc5 29.Qc2 e5 30.Bd2 Qb6 31.f3 f5 32.Qb2 Qc7 33.Nf2 Bf6 34.Bb4 Qb6 
35.Qa3 Kf7 36.Bxc5 dxc5 37.Qb3 Qb4 38.Nh3 a5 39.Qc2 a4 40.f4 a3 41.fxe5 
Bxe5 42.Kf2 Qb8 43.Qa4 Bxg3+ 44.Kf3 Bxh4 45.Qd7+ Be7 46.Ng5+ Kf6 47.Nh7+ 
Kf7 48.Ng5+ 1/2-1/2

[Event "III Open Magistrale"]
[Site "Castellaneta ITA"]
[Date "1999.08.30"]
[Round "3"]
[White "Gueci, Riccardo"]
[Black "Artizzu, Giulio"]
[Result "1-0"]
[WhiteElo "2151"]
[BlackElo "1825"]
[PlyCount "74"]
[EventDate "1999.08.29"]

1.e4 c5 2.c3 Nf6 3.e5 Nd5 4.d4 cxd4 5.Nf3 Nc6 6.cxd4 d6 7.Bc4 Nb6 8.Bb5 
Bd7 9.exd6 e6 10.O-O Bxd6 11.Nc3 O-O 12.Re1 a6 13.Bd3 Nb4 14.Bb1 N4d5 15.
Ne4 Bc7 16.Bg5 f6 17.Bh4 g5 18.Nexg5 fxg5 19.Nxg5 Qe8 20.Nxh7 Rf7 21.Bg6 
Rxh7 22.Bxe8 Rxe8 23.Bg3 Bc6 24.Rc1 Ree7 25.b3 Nf4 26.Rxc6 bxc6 27.Bxf4 
Bxf4 28.Qg4+ Rhg7 29.Qxf4 Nd5 30.Qd6 Ref7 31.Rxe6 Nf4 32.Re8+ Kh7 33.Qxc6 
Nh3+ 34.Kf1 Rxf2+ 35.Ke1 Rfxg2 36.Qe4+ R2g6 37.Qh4+ Rh6 1-0

[Event "III Open Magistrale"]
[Site "Castellaneta ITA"]
[Date "1999.08.30"]
[Round "3"]
[White "Indelicati, Giuseppe"]
[Black "De Bortoli, Peter"]
[Result "0-1"]
[WhiteElo "2239"]
[BlackElo "2225"]
[PlyCount "96"]
[EventDate "1999.08.29"]

1.e4 c5 2.c3 d5 3.exd5 Qxd5 4.d4 Nc6 5.Nf3 Bg4 6.Be2 cxd4 7.cxd4 e6 8.Nc3 
Qd6 9.O-O Nf6 10.h3 Bh5 11.Nb5 Qd8 12.Bf4 Rc8 13.Qa4 Nd5 14.Bg3 Nb6 15.Qd1
Be7 16.Ne5 Bxe2 17.Qxe2 a6 18.Nxc6 Rxc6 19.Nc3 Qxd4 20.Be5 Qh4 21.Bxg7 Rg8
22.Be5 Qxh3 23.Bg3 Rxg3 24.fxg3 Bc5+ 25.Rf2 Qxg3 26.Ne4 Bxf2+ 27.Nxf2 Nd5 
28.Ne4 Qe3+ 29.Qxe3 Nxe3 30.Kf2 Nd5 31.Rh1 Rc2+ 32.Kf3 Rxb2 33.Rxh7 Ke7 
34.Ng5 Kf6 35.Ne4+ Kg6 36.Rh8 Rxa2 37.Rg8+ Kh7 38.Rb8 b5 39.Rb7 Kg6 40.Nd6
b4 41.Nxf7 a5 42.Ne5+ Kf5 43.Nc6 a4 44.g4+ Kg5 45.Nd4 Ra3+ 46.Kf2 Kxg4 47.
Nxe6 Ra2+ 48.Ke1 b3 0-1

[Event "III Open Magistrale"]
[Site "Castellaneta ITA"]
[Date "1999.08.30"]
[Round "3"]
[White "Lazarev, Vladimir"]
[Black "Isonzo, David"]
[Result "1-0"]
[WhiteElo "2501"]
[BlackElo "2257"]
[PlyCount "94"]
[EventDate "1999.08.29"]

1.d4 Nf6 2.c4 g6 3.Nc3 Bg7 4.e4 d6 5.h3 O-O 6.Bg5 c5 7.d5 a6 8.a4 h6 9.Be3
e6 10.Bd3 exd5 11.cxd5 Nbd7 12.Nf3 Re8 13.O-O Rb8 14.a5 b5 15.axb6 Qxb6 
16.Ra2 Nh5 17.Nd2 Qc7 18.Qc2 Ne5 19.Bxa6 Bxa6 20.Rxa6 Rb4 21.b3 g5 22.Rfa1
Rf8 23.R1a4 Nf4 24.Bxf4 gxf4 25.Ne2 f3 26.gxf3 Qd7 27.Kg2 Rxa4 28.Rxa4 Qe7
29.f4 Ng6 30.Nf3 Qb7 31.Nd2 Qb5 32.Qc4 Qd7 33.Qd3 Kh8 34.f5 Ne5 35.Qe3 Rg8
36.Kf1 Qd8 37.f4 Qh4 38.fxe5 Bxe5 39.Nc4 Bg3 40.Ng1 Bh2 41.Nf3 Qxh3+ 42.
Ke2 Rg2+ 43.Kd3 Rg4 44.Ra8+ Kh7 45.e5 Qf1+ 46.Kc2 Rxc4+ 47.bxc4 Qxc4+ 1-0

[Event "III Open Magistrale"]
[Site "Castellaneta ITA"]
[Date "1999.08.30"]
[Round "3"]
[White "Martorelli, Antonio"]
[Black "Capuano, Eugenio"]
[Result "0-1"]
[WhiteElo "2322"]
[BlackElo "2153"]
[PlyCount "60"]
[EventDate "1999.08.29"]

1.e4 c5 2.Nc3 Nc6 3.f4 g6 4.Nf3 Bg7 5.a4 e6 6.Bc4 Nge7 7.O-O O-O 8.d3 b6 
9.Qe1 d5 10.Bb3 Nd4 11.Nxd4 cxd4 12.Ne2 dxe4 13.dxe4 d3 14.Nc3 Bb7 15.e5 
Nf5 16.cxd3 Qxd3 17.Rf2 Qd7 18.Ne4 Qd4 19.Bc2 Rac8 20.Nc3 Qb4 21.a5 bxa5 
22.Ra4 Qb6 23.Be4 Rfd8 24.Bxb7 Qxb7 25.Ne4 Qb3 26.Ra3 Rd1 27.Rxb3 Rxe1+ 
28.Rf1 Rxe4 29.Bd2 a4 30.Rb7 Rc2 0-1

[Event "III Open Magistrale"]
[Site "Castellaneta ITA"]
[Date "1999.08.30"]
[Round "3"]
[White "Mautone, Valerio"]
[Black "Rettore, Ludwig"]
[Result "0-1"]
[WhiteElo "1900"]
[BlackElo "1909"]
[PlyCount "87"]
[EventDate "1999.08.29"]

1.e4 e5 2.Nf3 Nc6 3.Bb5 a6 4.Ba4 d6 5.c3 f5 6.d3 Nf6 7.Nbd2 fxe4 8.dxe4 
Be7 9.Bb3 Nd7 10.Nf1 Nc5 11.Bc2 O-O 12.Ne3 Kh8 13.h3 Bg5 14.Nd5 Bxc1 15.
Qxc1 Ne6 16.Qe3 Nf4 17.Nxf4 Rxf4 18.O-O-O Qf8 19.Rd2 Na5 20.b3 Be6 21.Ng5 
Bg8 22.h4 Nc6 23.g3 Rf6 24.Bb1 Nd8 25.Rf1 Ne6 26.Nxe6 Bxe6 27.f4 exf4 28.
gxf4 Re8 29.Bc2 Bf5 30.Qf3 Bg6 31.h5 Bf7 32.e5 dxe5 33.Qe4 Bg8 34.Qxb7 
Rxf4 35.Rfd1 Rf1 36.Qxc7 Rxd1+ 37.Rxd1 Qf6 38.Qd7 Rf8 39.Qd6 Qf4+ 40.Qd2 
Qh4 41.h6 gxh6 42.Rg1 Qf4 43.Qxf4 exf4 44.Rf1 0-1